STRESS MANAGEMENT IN R&D ORGANIZATIONS OF PAKISTAN / (Record no. 524563)

000 -LEADER
fixed length control field 00419nam a22001577a 4500
003 - CONTROL NUMBER IDENTIFIER
control field NUST
038 ## - RECORD CONTENT LICENSOR
Staff Name Mr. Zahoor
082 ## - DEWEY DECIMAL CLASSIFICATION NUMBER
Classification number 620.005
100 ## - MAIN ENTRY--PERSONAL NAME
Personal name Asad Shafiq
9 (RLIN) 15368
245 ## - TITLE STATEMENT
Title STRESS MANAGEMENT IN R&D ORGANIZATIONS OF PAKISTAN /
Statement of responsibility, etc. Asad Shafiq
260 ## - PUBLICATION, DISTRIBUTION, ETC.
Place of publication, distribution, etc. Islamabad :
Name of publisher, distributor, etc. CEME - NUST,
Date of publication, distribution, etc. 2014.
300 ## - PHYSICAL DESCRIPTION
Extent 71 P. ;
500 ## - GENERAL NOTE
General note Hard cover.
600 ## - SUBJECT ADDED ENTRY--PERSONAL NAME
Source of heading or term Engineering Management - MS Thesis
942 ## - ADDED ENTRY ELEMENTS (KOHA)
Source of classification or shelving scheme
Koha item type Thesis
Holdings
Withdrawn status Lost status Source of classification or shelving scheme Damaged status Not for loan Permanent Location Current Location Shelving location Date acquired Total Checkouts Full call number Barcode Date last seen Price effective from Koha item type
          Central Library (CL) Central Library (CL) Thesis 06/24/2019   620.005 CL-T-81 06/24/2019 06/24/2019 Thesis
© 2023 Central Library, National University of Sciences and Technology. All Rights Reserved.